| 000 | 01185nam a22002297a 4500 | ||
|---|---|---|---|
| 001 | 8687 | ||
| 003 | FISKH | ||
| 005 | 20251010112707.0 | ||
| 008 | 251010b cb ||||| |||| 00| 0 eng d | ||
| 020 | _a9781107613805 | ||
| 040 |
_aFISKH _beng _cFISKH _dFISKH |
||
| 082 | _a428.0071 | ||
| 100 | _aLinse, Caroline | ||
| 245 |
_aCambridge global English stage 2 learner's book / _cCaroline Linse and Elly Schottman |
||
| 260 |
_aNew York : _bCambridge, _c2014. |
||
| 300 |
_a144 pages : _bcolor illustrations ; _c28 cm |
||
| 520 | _aThe Cambridge Global English Stage 2 Learner's Book with Audio CD is part of a six-level primary course designed for young learners of English as a second language. This book provides core input for Stage 2, featuring nine thematic units that conclude with an engaging project and opportunities for self-assessment. Each unit comprises six lessons centered around a unifying theme, incorporating a variety of texts—factual, fictional, dialogues, and poetry—to enhance language skills. | ||
| 650 |
_aCambridge Curriculum _vThematic Learning _x Language Development |
||
| 700 |
_aSchottman, Elly _eAuthor |
||
| 942 |
_2ddc _cBK _n0 |
||
| 999 |
_c8687 _d8687 |
||